Development of women's organizations in rural areas : (Record no. 1727)

MARC details
000 -LEADER
fixed length control field 005300000a22001570004500
005 - DATE AND TIME OF LATEST TRANSACTION
control field 20240106101021.0
008 - FIXED-LENGTH DATA ELEMENTS--GENERAL INFORMATION
fixed length control field 230817t ||||| |||| 00| 0 eng d
082 ## - DEWEY DECIMAL CLASSIFICATION NUMBER
Classification number 305.43
Item number UNI
942 ## - ADDED ENTRY ELEMENTS (KOHA)
Item Type Reports
110 ## - MAIN ENTRY--CORPORATE NAME
Corporate Name United Nations
245 ## - TITLE STATEMENT
Title Development of women's organizations in rural areas :
Sub Title report of the Expert Group Meeting, 1-7 August 1978
260 ## - PUBLICATION, DISTRIBUTION, ETC. (IMPRINT)
Place of Publication [Bangkok]:
Name of Publisher ESCAP, United Nations,
Date of Copyright [1978]
300 ## - PHYSICAL DESCRIPTION
Extent 67 p. : ill. ; 24 cm
650 ## - SUBJECT ADDED ENTRY--TOPICAL TERM
Topical Term Rural women, Asia- Societies
650 ## - SUBJECT ADDED ENTRY--TOPICAL TERM
Topical Term Women in development, Societies
Holdings
Withdrawn status Lost status Source of classification or shelving scheme Damaged status Not for loan Permanent location Current location Date acquired Total Checkouts Full call number Barcode Date last seen Price effective from Koha item type
    Dewey Decimal Classification     Resource center, Muslim Women's Research And Action Forum Resource center, Muslim Women's Research And Action Forum 2023-08-17   305.43 UNI RAF4310 2023-08-17 2023-08-17 Reports

Copyright © 2023 Muslim Women's Research and Action Forum (MWRAF), No 27/3, Anderson Road, Kalubowila, Dehiwela. Funded by The Asia Fundation